Crecimiento económico, crisis estructural y evolución de la pobreza en México : un enfoque regulacionista de largo plazo /
El autor analiza el incremento de la pobreza en México a partir de 1982, mediante la Teoría de la Regulación de la escuela de París. Revisa los factores de una regulación exitosa en la economía mexicana, durante el período de crecimiento sostenido (1934-1981) y examina el agotamiento del modo de reg...
Сохранить в:
| Главный автор: | |
|---|---|
| Формат: | |
| Язык: | испанский |
| Опубликовано: |
México :
Universidad Autónoma Metropolitana Iztapalapa : Plaza y Valdés,
2000, c2000
|
| Серии: | (Colección CSH)
|
| Предметы: | |
| Метки: |
Нет меток, Требуется 1-ая метка записи!
|
MARC
| LEADER | 00000nam^a2200000^a^4500 | ||
|---|---|---|---|
| 001 | 000133504 | ||
| 005 | 20250521000000.0 | ||
| 009 | 20260310095136.212 | ||
| 020 | |a 968-856-782-5 | ||
| 037 | |a Acervo ITESO - Biblioteca | ||
| 041 | |a ESP | ||
| 082 | |a 339. 46 |b SOR | ||
| 100 | |a Soria, Víctor M. |e (autor) | ||
| 245 | 1 | 0 | |a Crecimiento económico, crisis estructural y evolución de la pobreza en México : |b un enfoque regulacionista de largo plazo / |c V.M. Soria. |
| 264 | 4 | |a México : |b Universidad Autónoma Metropolitana Iztapalapa : |b Plaza y Valdés, |c 2000, c2000 | |
| 300 | |a 257 p. | ||
| 336 | |a texto |b txt |2 rdacontenido | ||
| 337 | |a sin mediación |b n |2 rdamedio | ||
| 338 | |a volumen |b nc |2 rdasoporte | ||
| 440 | 1 | |a (Colección CSH) | |
| 520 | |a El autor analiza el incremento de la pobreza en México a partir de 1982, mediante la Teoría de la Regulación de la escuela de París. Revisa los factores de una regulación exitosa en la economía mexicana, durante el período de crecimiento sostenido (1934-1981) y examina el agotamiento del modo de regulación burocrático-corporativo de 1982 y la posterior incapacidad de la sociedad para recrear sus instituciones regulatorias con el objeto de poder acceder a una recuperación económica y social sostenida. | ||
| 649 | |a XX | ||
| 650 | |a Pobreza - |z México | ||
| 650 | |a Problemas Sociales - |z México | ||
| 650 | |a Regulación Económica - |z México - |x Historia | ||
| 650 | |a Crisis Económica - |z México - |x Historia - |y 1976-1982 | ||
| 650 | |a Crisis Económica - |z México - |x Historia - |y Siglo XX | ||
| 650 | |a Privatización - |z México | ||
| 650 | |a Neoliberalismo - |z México - |x Historia | ||
| 650 | |a Economía - |z México - |x Historia | ||
| 910 | |a Fondo General | ||
| 920 | |a Impresos - Libros | ||
| 930 | |a Colección General | ||
| 905 | |a 101 | ||
| 901 | |a 0500063007 |b IT1 |c ACC |u 20250521 | ||
| 901 | |a 0500066272 |b IT1 |c ACC |u 20250521 | ||
| 902 | |a https://opac.biblio.iteso.mx/vufind/Record/000133504 | ||